A History of Middle East Economies in the Twentieth Century / (Record no. 9496)

MARC details
000 -LEADER
fixed length control field 00855cam a22002415a 4500
008 - FIXED-LENGTH DATA ELEMENTS--GENERAL INFORMATION
fixed length control field 080908s1998 xxu||||frb||| 001 0 eng d
010 ## - LIBRARY OF CONGRESS CONTROL NUMBER
LC control number 98029099
020 ## - INTERNATIONAL STANDARD BOOK NUMBER
International Standard Book Number 1860642764 (pbk.)
020 ## - INTERNATIONAL STANDARD BOOK NUMBER
International Standard Book Number 9781860642760
082 04 - DEWEY DECIMAL CLASSIFICATION NUMBER
Classification number 330.95604
Item number OWE
Edition number 22
100 ## - MAIN ENTRY--PERSONAL NAME
Personal name Owen, Roger,
9 (RLIN) 29243
245 12 - TITLE STATEMENT
Title A History of Middle East Economies in the Twentieth Century /
Statement of responsibility, etc Roger Owen & Sevket Pamuk.
260 ## - PUBLICATION, DISTRIBUTION, ETC. (IMPRINT)
Place of publication, distribution, etc london :
Name of publisher, distributor, etc I.B.Tauris,
Date of publication, distribution, etc c.1998.
300 ## - PHYSICAL DESCRIPTION
Extent xviii, 310 p. ;
Dimensions 24 cm.
500 ## - GENERAL NOTE
General note Index : p. 300-310.
504 ## - BIBLIOGRAPHY, ETC. NOTE
Bibliography, etc Includes bibliographical references.
590 ## - LOCAL NOTE (RLIN)
Local note doaa mohamed
650 ## - SUBJECT ADDED ENTRY--TOPICAL TERM
Topical term or geographic name as entry element Middle East - Economic conditions - 20th century.
9 (RLIN) 29244
Source of heading or term BUEsh
651 #0 - SUBJECT ADDED ENTRY--GEOGRAPHIC NAME
Geographic name Middle East
General subdivision Economic conditions
Chronological subdivision 20th century.
9 (RLIN) 29245
Source of heading or term BUEsh
653 ## - INDEX TERM--UNCONTROLLED
Resource For college BAEPS, Economics
700 1# - ADDED ENTRY--PERSONAL NAME
Personal name Pamuk, Şevket.
9 (RLIN) 29246
942 ## - ADDED ENTRY ELEMENTS (KOHA)
Item type Book - Borrowing
Call number prefix 330.95604OWE
Source of classification or shelving scheme Dewey Decimal Classification
Holdings
Withdrawn status Item status Source of classification or shelving scheme Damaged status Not for loan Home library Current library Shelving location Date acquired Source of acquisition Total Checkouts Total Renewals Full call number Barcode Date last seen Date last borrowed Koha item type Vendor
    Dewey Decimal Classification     Central Library Central Library First floor 08/05/2015 Purchase 11 7 330.95604 OWE 000011459 15/07/2025 25/11/2015 Book - Borrowing  
  Lost and Paid For Dewey Decimal Classification     Central Library Central Library First floor 08/09/2008 Purchase 3   330.95604 OWE 000013517 31/03/2010 08/04/2009 Book - Borrowing  
    Dewey Decimal Classification     Central Library Central Library First floor 14/12/2008 Purchase 14 27 330.95604 OWE 000014286 15/07/2025 07/02/2022 Book - Borrowing  
    Dewey Decimal Classification     Central Library Central Library First floor 07/03/2012   1   330.95604 OWE 000010662 15/07/2025 12/02/2013 NB - Book (Non borrowing)  
    Dewey Decimal Classification     Central Library Central Library First floor 07/03/2012   9 36 330.95604 OWE 000025918 15/07/2025 05/01/2017 Book - Borrowing Baccah